000
00258nam a2200109Ia 4500
008
240625s9999 xx 000 0 und d
041
_a
eng
082
_a
658.404 MAN
100
_a
MANTEL SAMUEL J
245
_a
PROJECT MANAGEMENT CORE TEXTBOOK
260
_c
2009
999
_c
40136
_d
40136